LEADER 00840nam a2200217 i 4500 001 000000155104 003 CaOOAMICUS 005 20061102000000.0 008 061102s1945 it u000 u ita u 013 $a132453 040 $aSeMil$bita 245 10$aDisegni di Mario Carletti. 260 $aMilano :$bU. Hoepli,$c1945. 300 $a13 p., [41] p. di tav. ;$c17 cm. 490 0 $aArte moderna italiana ;$v44 500 $aContiene : Nota biografica. - In mezzo al front : 41 tavole. Prefazione dell'Artista. 830 0$aArte moderna italiana ;$v44.$0(OLS)http://semarc/title/21108 850 $aSeMil 852 $aSeMil$W1$xVenegono$y1$m5P I 80$j106955$B106955$CSeMilBibl$Z2$F116228 $81 996 $6245$aDisegni di Mario Carletti$9(OLS)http://semarc/title/227127 996 $6260$aMilano :$bU. Hoepli$9(OLS)http://semarc/publisher/33212 LEADER 00909nam a2200193 i 4500 001 000000258501 003 CaOOAMICUS 005 20180516000000.0 008 180516s1779 xx u000 u fre u 013 $a237409 026 $anss& gts: stde (aco (3) 1779 (R) 040 $aSeMil$bita 245 10$aTome 2. 300 $a[4], 751, [1] p., V carte di tav. ripieg. :$bill. calcogr. 500 $aSegn.: pg2 A-5B4. - Tav. calcogr. incise da P.C. de La Gardette. 773 0 $aBailly, Jean-Sylvain <1736-1793>$tHistoire de l'astronomie moderne depuis la fondation de l'École d'Alexandrie, jusqu'a lépoque [!] de 1730. Par m. Bailly ... Tome 1. [-3.].$dA Paris : Chez les Frères De Bure, Quai des Augustins, près la rue Pavée, 1779-1782.$g2$w()11016 850 $aSeMil 852 $aSeMil$W1$xVenegono$y1$m3W VI 69 FA$j208847$B208847$CSeMilBibl$Z2$F222542 $8I 996 $6245$aTome 2$9(OLS)http://semarc/title/1533